Pártok sajtótájékoztatói

Podrobná bibliografia
Hlavný autor: (tuba) (Autor)
Médium: Článok
Jazyk:maďarčina
Predmet:

MARC

LEADER 00000nab a2200000 a 4500
001 vtls000581737
003 SK-MaSNL
005 20260319074432.0
008 180331c1996 xo 0 hun
015 |a SNBRB19rr/mm-uuuuu 
035 |a CL0581876 
040 |a SNKBUCL  |b slo  |c SNKBUCL  |e AACR2 
041 0 |a hun 
044 |a xo  |c SK 
080 |a 329.12(437.6=945.11)MOS  |2 1981 
100 1 |a (tuba)  |4 aut  |9 900705 
245 1 0 |a Pártok sajtótájékoztatói  |c (tuba) 
650 0 7 |a Maďarská občianska strana  |2 snkbucl  |9 893812 
655 7 |a články z novín a časopisov  |2 snkbucl  |9 267496 
773 0 |t Új szó  |g Roč. 49, č. 57 (8. 3. 1996), s. 3 
850 |a Slovenská národná knižnica v Martine  |a DSG001 
852 |a SNK  |b KIS3GCP 
958 |a NX 
958 |a RK 
958 |a HU 
958 |a SK 
992 |a RBX 
999 |c 1593913  |d 1595843